[Event "Joao Pessoa AXCV 2nd"]
[Site "Joao Pessoa"]
[Date "2014.07.20"]
[Round "4.6"]
[White "Gomes, Genildo de Souza"]
[Black "Barros, Ubirajara Barbosa"]
[Result "1-0"]
[WhiteElo "1677"]
[BlackElo "1600"]
[PlyCount "65"]
[EventDate "2014.07.18"]
[EventType "swiss"]
[EventRounds "5"]
[EventCountry "BRA"]
[SourceTitle "EXT 2022"]
[Source "ChessBase"]
[SourceDate "2021.10.06"]
[SourceVersion "1"]
[SourceVersionDate "2021.10.06"]
[SourceQuality "1"]

1. Nf3 d5 2. g3 Nc6 3. Bg2 e5 4. d3 Be6 5. Nbd2 Nf6 6. 0-0 h6 7. e4 d4 8. a3 Be7 9. Nh4 g6 10. f4 Ng4 11. Ndf3 Qd7 12. f5 Bxf5 13. exf5 g5 14. Bh3 Ne3 15. Bxe3 dxe3 16. Ng2 Bc5 17. Qe2 Rg8 18. g4 0-0-0 19. Kh1 f6 20. Nxe3 Rh8 21. Bg2 Rde8 22. Qd2 h5 23. Bh3 Nd4 24. Rae1 Qc6 25. Qg2 hxg4 26. Bxg4 Rh7 27. Nxd4 exd4 28. Nd5 Reh8 29. h3 Bd6 30. Nxf6 Qxg2+ 31. Kxg2 Re7 32. Ne4 Bf4 33. f6+ 1-0

[Event "Joao Pessoa op 5th"]
[Site "Joao Pessoa"]
[Date "2014.03.15"]
[Round "3"]
[White "Barros, Ubirajara Barbosa"]
[Black "Serafim Junior, Arnor"]
[Result "0-1"]
[WhiteElo "1606"]
[BlackElo "1892"]
[PlyCount "40"]
[EventDate "2014.03.14"]
[EventType "swiss"]
[EventRounds "6"]
[EventCountry "BRA"]
[SourceTitle "CBM 159 Extra"]
[Source "ChessBase"]
[SourceDate "2014.04.24"]
[SourceVersion "1"]
[SourceVersionDate "2014.04.24"]
[SourceQuality "1"]

1. e4 c5 2. Nf3 e6 3. d4 cxd4 4. Nxd4 Nf6 5. Nc3 d6 6. Bd3 a6 7. 0-0 Qc7 8. Re1 Be7 9. Be3 Nbd7 10. Rc1 0-0 11. Nce2 b6 12. c4 Nc5 13. Ng3 Bb7 14. Bg5 Nxd3 15. Qxd3 Qc5 16. Kh1 Qxg5 17. Nf3 Qc5 18. Nd4 Rac8 19. b3 Ng4 20. f4 Nf2+ 0-1

[Event "Joao Pessoa op 5th"]
[Site "Joao Pessoa"]
[Date "2014.03.14"]
[Round "2"]
[White "De Moura, Sergio Jovelino"]
[Black "Barros, Ubirajara Barbosa"]
[Result "1-0"]
[WhiteElo "2100"]
[BlackElo "1606"]
[PlyCount "37"]
[EventDate "2014.03.14"]
[EventType "swiss"]
[EventRounds "6"]
[EventCountry "BRA"]
[SourceTitle "CBM 159 Extra"]
[Source "ChessBase"]
[SourceDate "2014.04.24"]
[SourceVersion "1"]
[SourceVersionDate "2014.04.24"]
[SourceQuality "1"]

1. e4 c5 2. Nf3 d6 3. d4 cxd4 4. c3 Nf6 5. Bd3 e5 6. cxd4 exd4 7. Nxd4 Be7 8. 0-0 0-0 9. Nc3 Nc6 10. Nxc6 bxc6 11. b3 Bb7 12. Bb2 Re8 13. Ne2 Qc7 14. Ng3 d5 15. e5 Ne4 16. Nxe4 dxe4 17. Bxe4 Rad8 18. Qf3 Bg5 19. Qf5 1-0

[Event "Joao Pessoa op 08"]
[Site "Joao Pessoa"]
[Date "2013.08.03"]
[Round "4"]
[White "Trigueiro, Hamilton Nobrega"]
[Black "Barros, Ubirajara Barbosa"]
[Result "1-0"]
[WhiteElo "1604"]
[BlackElo "1733"]
[PlyCount "75"]
[EventDate "2013.08.02"]
[EventType "swiss"]
[EventRounds "6"]
[EventCountry "BRA"]
[SourceTitle "CBM 155 Extra"]
[Source "ChessBase"]
[SourceDate "2013.08.26"]
[SourceVersion "1"]
[SourceVersionDate "2013.08.26"]
[SourceQuality "1"]

1. e4 e5 2. Nf3 Nc6 3. Nc3 Nf6 4. h3 d5 5. exd5 Nxd5 6. Bb5 Nxc3 7. bxc3 Bd7 8. 0-0 Bd6 9. Re1 0-0 10. d4 Re8 11. Bg5 f6 12. Bh4 Qc8 13. Qd2 Bxh3 14. g3 Bg4 15. Nh2 Bh5 16. d5 a6 17. Ba4 b5 18. Bb3 Ne7 19. a4 Rb8 20. Qd3 g5 21. Re4 Ng6 22. g4 Nf4 23. Qf3 gxh4 24. gxh5 h6 25. Kh1 Kf7 26. Ng4 Rh8 27. Rg1 f5 28. Nxe5+ Kf6 29. Rxf4 Bxe5 30. Rg6+ Ke7 31. Rxf5 Rf8 32. Rxe5+ Kd7 33. Rg7+ Kd6 34. Qe3 Re8 35. Rg6+ Kd7 36. d6 Rxe5 37. Qxe5 Qb7+ 38. Kh2 1-0

[Event "Joao Pessoa op 4th"]
[Site "Joao Pessoa"]
[Date "2013.03.17"]
[Round "6"]
[White "Barros, Ubirajara Barbosa"]
[Black "De Macedo, Luiz Soares"]
[Result "0-1"]
[WhiteElo "1733"]
[BlackElo "1704"]
[PlyCount "76"]
[EventDate "2013.03.15"]
[EventType "swiss"]
[EventRounds "6"]
[EventCountry "BRA"]
[SourceTitle "CBM 153 Extra"]
[Source "ChessBase"]
[SourceDate "2013.04.22"]
[SourceVersion "1"]
[SourceVersionDate "2013.04.22"]
[SourceQuality "1"]

1. d4 d5 2. c4 Nf6 3. Nf3 e6 4. Bg5 Be7 5. Nc3 Nbd7 6. e3 0-0 7. c5 c6 8. Bd3 Re8 9. Qc2 Nf8 10. h4 a5 11. h5 b6 12. Ne5 Bb7 13. h6 g6 14. f4 bxc5 15. g4 cxd4 16. exd4 Qd6 17. f5 exf5 18. gxf5 Bd8 19. fxg6 fxg6 20. 0-0-0 c5 21. Nb5 Qe6 22. Rhf1 cxd4 23. Rde1 Ne4 24. Kb1 Qxe5 25. Bf4 Qh8 26. Nxd4 Rc8 27. Qb3 Nd2+ 28. Bxd2 Rxe1+ 29. Bxe1 Qxd4 30. Bf2 Qb4 31. Qd1 Bf6 32. Qe2 Bc3 33. Be1 d4 34. Rxf8+ Rxf8 35. Qe6+ Rf7 36. Bxc3 dxc3 37. b3 Qa3 38. Qe8+ Qf8 0-1

[Event "Joao Pessoa op 4th"]
[Site "Joao Pessoa"]
[Date "2013.03.15"]
[Round "2"]
[White "Da Silva, Antonio Dutra"]
[Black "Barros, Ubirajara Barbosa"]
[Result "1-0"]
[WhiteElo "1764"]
[BlackElo "1733"]
[PlyCount "55"]
[EventDate "2013.03.15"]
[EventType "swiss"]
[EventRounds "6"]
[EventCountry "BRA"]
[SourceTitle "CBM 153 Extra"]
[Source "ChessBase"]
[SourceDate "2013.04.22"]
[SourceVersion "1"]
[SourceVersionDate "2013.04.22"]
[SourceQuality "1"]

1. e4 e5 2. Nf3 Nc6 3. Bc4 Nf6 4. 0-0 Na5 5. Nxe5 Nxc4 6. Nxc4 d5 7. exd5 Nxd5 8. d4 c6 9. Nbd2 b5 10. Ne5 Qc7 11. Ne4 Bd6 12. Nxd6+ Qxd6 13. c4 bxc4 14. Nxc4 Qc7 15. Bg5 h6 16. Bh4 Nf4 17. Qf3 g5 18. Bg3 Bb7 19. Qe4+ Kf8 20. Ne5 Re8 21. Bxf4 gxf4 22. Qxf4 Rxe5 23. Qxe5 Qxe5 24. dxe5 h5 25. Rad1 Ke7 26. Rd6 c5 27. Rfd1 Bc8 28. R1d5 1-0